| 000 | 00801nam a2200253 4500 | ||
|---|---|---|---|
| 003 | OSt | ||
| 005 | 20260530113858.0 | ||
| 008 | 260506b1968 enka|||| |||| 00| 0 eng d | ||
| 040 |
_aICI _bspa _cICI |
||
| 050 |
_aNC730 _bB38 1968 |
||
| 100 | 1 |
_aBatho, Robert, _931946 |
|
| 245 | 1 | 0 |
_aA practical approach to technical illustration / _cRobert Batho. |
| 264 | 1 |
_bFrederick Muller, _c1968. _aLondon : |
|
| 300 |
_a72 páginas _c25cm. |
||
| 336 |
_atexto _2rdacontent |
||
| 337 |
_asin medio _2rdamedia |
||
| 338 |
_avolumen _2rdacarrier |
||
| 650 |
_aTechnical illustration. _931947 |
||
| 650 |
_aDrawing _xTechnique. _931948 |
||
| 650 |
_aVisual communication _xTechnical aspects. _931949 |
||
| 650 |
_aScientific illustration. _931950 |
||
| 650 |
_aGraphic design _xTechnique. _931951 |
||
| 942 |
_2lcc _cBK |
||
| 999 |
_c11692 _d11692 |
||